000 00470nam a22001697a 4500
005 20251108164127.0
008 250721s1988 xx 000 0 ara d
082 1 4 _a031.02/عاش
100 1 _aعاشور، مصطفى
245 1 0 _aكل سؤال و له جواب /
264 1 _aالقاهرة :
_bمكتبة ابن سينا،
_c1988.
300 _aج
650 1 7 _aالأسئلة و الأجوبة
650 1 7 _aالثقافة
942 _2ddc
_cBK
999 _c4314
_d4314